00530nam a2200193Ia 4500008004100000020001800041050001400059100001400073245003500087245003500122245004600157260002700203260002200230260000900252300001400261300002200275300001000297440002900307180207s9999 xx 000 0 und d a9789715904947 bA917 2009 aAuer, Jim aStanding up to peer pressure : ba guide to being true to you / cby Jim Auer ; illustrated by R. W. Alley. aSt. Meinrad, Indiana : bOne Caring Place, c2009 aunpaged : bchiefly colored ; c20cm. aElf-help books for kids.